| 000 | 00824nam a22002295a 4500 | ||
|---|---|---|---|
| 999 |
_c130085 _d130085 |
||
| 001 | 43187 | ||
| 003 | ARRUPE | ||
| 005 | 20191127104820.0 | ||
| 008 | 920827s1991 at a 000 0 eng | ||
| 010 | _a 92206466 | ||
| 040 |
_aDLC _cDLC |
||
| 050 | 0 | 0 |
_aHG3881.5.W57 _bP63 n.979 |
| 245 | 0 | 0 |
_aDevelopment and the environment: _cInternational Bank |
| 260 |
_aOxford : _bOxford University Press, _c1992. |
||
| 300 |
_axii, 306 p. : _bill. ; _c27 cm. |
||
| 504 | _aIncludes bibliographical references. | ||
| 650 |
_aEconomic development _xEnvironmental aspects _94996 |
||
| 711 | 2 |
_aNational Conference on Development and the Environment _d(1990 : _cCanberra, A.C.T.) _948841 |
|
| 906 |
_a7 _bibc _corignew _d3 _encip _f19 _gy-gencatlg |
||
| 942 |
_2lcc _cMONOGRAPH |
||